Contemporary statistics : (Record no. 5075)
[ view plain ]
| 000 -LEADER | |
|---|---|
| fixed length control field | 00659cam a2200193 a 4500 |
| 020 ## - INTERNATIONAL STANDARD BOOK NUMBER | |
| ISBN | 0070239010 |
| 020 ## - INTERNATIONAL STANDARD BOOK NUMBER | |
| ISBN | 0078343704 (cover) |
| 050 00 - CALL NUMBER | |
| Classification number | QA276.12 |
| Item number | .G685 |
| 100 1# - AUTHOR | |
| Personal name | Gordon, Sheldon P. |
| 245 10 - TITLE | |
| Title | Contemporary statistics : |
| Remainder of title | a computer approach / |
| Statement of responsibility, etc | Sheldon P. Gordon, Florence S. Gordon. |
| 260 ## - PUBLICATION INFORMATION | |
| Place of publication | New York : |
| Name of publisher | McGraw-Hill, |
| Year of publication | c1994. |
| 300 ## - DESCRIPTION | |
| Number of Pages | xv, 695 P. : |
| Other physical details | ill. (some col.) ; |
| Dimensions | 25 cm. + |
| Accompanying material | 1 computer disk (3 1/2 in.) |
| 500 ## - NOTES | |
| General note | IBM PC compatibles; DOS; hard drive or floppy disk drive. |
| 500 ## - NOTES | |
| General note | Includes index. |
| 650 #0 - SUBJECTS | |
| Topical Term | Statistics. |
| 650 #0 - SUBJECTS | |
| Topical Term | Statistics |
| General subdivision | Data processing. |
| 700 1# - OTHER AUTHORS | |
| Personal name | Gordon, Florence S. |
| 942 ## - ADDED ENTRY ELEMENTS (KOHA) | |
| Koha item type | Books |
| Withdrawn status | Lost status | Home library | Current library | Date acquired | Full call number | Accession Number | Koha item type |
|---|---|---|---|---|---|---|---|
| Methodist University Library Wenchi Faculty | Methodist University Library Wenchi Faculty | 30/04/2019 | QA276.12 .G685 | 14180 | Books | ||
| Methodist University Library Wenchi Faculty | Methodist University Library Wenchi Faculty | 30/04/2019 | QA276.12 .G685 | 14181 | Books | ||
| Methodist University Library Wenchi Faculty | Methodist University Library Wenchi Faculty | 30/04/2019 | QA276.12 .G685 | 14179 | Books | ||
| Methodist University Library Wenchi Faculty | Methodist University Library Wenchi Faculty | 30/04/2019 | QA276.12 .G685 | 14177 | Books |